000 00313nam a2200133 i 4500
001 bg
100 1 _aKUK, G. A.
245 0 _aProcessy i apparaty molocnoj promyslennosti /
_cG.A. Kuk.
260 _aMoskva,
_c1973.
040 _cBPK
041 _apol
942 _cKS
008 s pl f |000 0 pol
999 _c23833
_d23833
856 _uhttp://koha.tu.koszalin.pl/cgi-bin/koha/opac-detail.pl?biblionumber=23833
_yKatalog online BPK